| 000 | 00378nab a22001097u 4500 | ||
|---|---|---|---|
| 008 | 130520b2004 xxu||||| |||| 00| 0 spa d | ||
| 041 | _aspa | ||
| 100 | 1 |
_aGuerra de Armas, José Luis _974254 |
|
| 245 | 0 | 0 |
_aEl lugar del Bautismo: génesis y desarrollo de una práctica _cJosé Luis Guerra De Armas |
| 773 | 0 |
_tAlmogaren _gnº34,2004,págs. 213-234 _x1695-2669 _wRev13 |
|
| 942 | _cAR | ||
| 999 |
_c374015 _d374015 |
||